| 000 | 00750nam a2200253 i 4500 | ||
|---|---|---|---|
| 001 | 23200 | ||
| 003 | BD-RjUL | ||
| 005 | 20211209000913.0 | ||
| 008 | 140310t19781977nyua b 001 0 eng | ||
| 020 | _a0710089295 : | ||
| 035 | _a(BD-RjUL)23265 | ||
| 040 |
_aDLC _cDLC _dDLC _dBD-RjUL _beng |
||
| 041 | _aeng | ||
| 082 | 0 | 0 |
_a994.06 _bAUS 1978 |
| 245 | 0 | 0 |
_aAustralia : _ba geography / _cedited by D. N. Jeans. |
| 260 |
_aNew York : _bSt. Martin's Press, _cc1977 [Reprinted 1978]. |
||
| 300 |
_avii, 571 p. : _bill. ; _c26 cm. |
||
| 504 | _aIncludes bibliographies and indexes. | ||
| 651 | 0 |
_aAustralia _xGeography. _967894 |
|
| 700 | 1 |
_aJeans, D. N. _q(Dennis Norman) _971514 |
|
| 942 |
_2ddc _cBK |
||
| 999 |
_c23200 _d23200 |
||